000 00798nam a2200241Ia 4500
008
020 _a0412584301 (v. 1)
049 _aMAIN
090 _aTP1180.P68
245 1 0 _aPolypropylene structure, blends and composites.
_nVolume1,
_pStructure /
_cedited by J. Karger-Kocsis.
260 _aLondon :
_bChapman & Hall,
_c1995-
300 _av. :
_bill. ;
_c24 cm.
500 _aIncludes index.
504 _aIncludes bibliographical references.
505 1 _av. 1. Structure and morphology -- v. 2. Copolymers and blends -- v. 3. Composites.
650 0 _aPolypropylene.
700 _aKarger-Kocsis, J.
907 _a.b10172622
_b08-09-05
_c22-08-05
003
005 20230123134055.0
040 _cNUST
942 _cBOOKS
_kTP1180.P68
999 _c159554
_d159554